000 01090cam a2200325 a 4500
001 4242252
003 ARRUPE
005 20131220131303.0
008 831207t19841983nyuaf b 001 0ceng
010 _a 83020413
020 _a0684181479 :
_c$17.95
040 _aDLC
_cDLC
_dDLC
043 _ae-uk---
050 0 0 _aDA306.S83
_bL43 1984
082 0 0 _a941.06/092/2
_aB
_219
100 2 _aLees-Milne, James.
_96212
245 1 4 _aThe last Stuarts :
_bBritish royalty in exile /
_cJames Lees-Milne.
260 _aNew York :
_bScribner,
_c1984, c1983.
300 _axi, 244 p., [8] p. of plates :
_bill. ;
_c24 cm.
500 _aIncludes index.
504 _aBibliography: p. 231-237.
600 3 0 _aStuart, House of.
_96213
650 0 _aQueens
_zGreat Britain
_xBiography.
_96214
650 0 _aPrinces
_zGreat Britain
_xBiography.
_96215
650 0 _aPrincesses
_zGreat Britain
_xBiography.
_96216
650 0 _aExiles
_xBiography.
_96217
651 0 _aGreat Britain
_xKings and rulers
_xBiography.
_96218
906 _a7
_bcbc
_corignew
_d1
_eocip
_f19
_gy-gencatlg
942 _2lcc
_cMONOGRAPH
999 _c119425
_d119425